|
|
|
|
| LEADER |
00000nam2a2200000 4500 |
| 001 |
53094 |
| 005 |
20231101211415.0 |
| 035 |
|
|
|a (RuTPU)RU\TPU\book\55674
|
| 035 |
|
|
|a RU\TPU\book\55659
|
| 090 |
|
|
|a 53094
|
| 100 |
|
|
|a 20030611d1961 m y0rusy50 ca
|
| 101 |
0 |
|
|a rus
|
| 102 |
|
|
|a RU
|
| 105 |
|
|
|a aс j 001zy
|
| 200 |
0 |
|
|a Т. 2: Количественный анализ
|
| 210 |
|
|
|d 1961
|
| 215 |
|
|
|a 552 с.
|c ил.
|
| 320 |
|
|
|a Библиогр.: с. 512-525.
|
| 461 |
|
1 |
|0 (RuTPU)RU\TPU\book\55672
|t Основы аналитической химии. Качественный и количественный анализ
|o учебник для вузов
|f А. П. Крешков
|v Т. 2: Количественный анализ
|d 1961
|
| 606 |
1 |
|
|a Аналитическая химия
|2 stltpush
|3 (RuTPU)RU\TPU\subj\67454
|9 83247
|
| 610 |
1 |
|
|a количественный анализ
|
| 610 |
1 |
|
|a объемный анализ
|
| 610 |
1 |
|
|a нейтрализация
|
| 610 |
1 |
|
|a кислотно-основное титрование
|
| 610 |
1 |
|
|a оксидиметрия
|
| 610 |
1 |
|
|a перманганатометрия
|
| 610 |
1 |
|
|a иодометрия
|
| 610 |
1 |
|
|a аргентометрия
|
| 610 |
1 |
|
|a роданометрия
|
| 610 |
1 |
|
|a весовой анализ
|
| 610 |
1 |
|
|a инструментальные методы
|
| 610 |
1 |
|
|a оптические методы
|
| 610 |
1 |
|
|a смеси
|
| 610 |
1 |
|
|a учебники
|
| 675 |
|
|
|a 543(075.8)
|v 3
|
| 801 |
|
1 |
|a RU
|b 63413507
|c 20021219
|g PSBO
|
| 801 |
|
2 |
|a RU
|b 63413507
|c 20140829
|g PSBO
|
| 942 |
|
|
|c BK
|